000
00316nam a2200145Ia 4500
008
230917s9999||||xx |||||||||||||| ||und||
020
_c
RS170
040
_e
141664
_a
MAIN
041
_a
English
082
_a
954.01 J334V
100
_a
Jaiswal
245
0
_a
Valmiki yugin bharat
300
_a
618p p.
942
_c
BK
999
_c
38416
_d
38416